000 00485nam a2200193Ia 4500
005 20250326142345.0
008 250326s9999 xx 000 0 und d
037 _aTextbook
040 _aFMSL
_beng
_cFMSL
041 _aeng
_2eng
084 _qFMSL
100 _aLovelock C H
_9741932
245 0 _aServices marketing
_cLovelock C H
250 _aEd 2
260 _aEnglewood
_bEnglewood, Prentice Hall
_c1991
300 _a542p
942 _cTB
999 _c1294640
_d1294640